00375nam a2200157Ia 4500008004100000020001500041050000900056050001600065100002000081245002200101245002000123260003400143260000900177650001800186650001300204170203s9999 xx 000 0 und d a1741242703 aFic  b.B234t 2004 aBarber, Shirley 4aThe Tooth Fairy / cShirley Barber. bFive Mile Press Pty. Limited, c2004 aTooth Fairy-- xFiction.